000 00491nam a2200181Ia 4500
001 17858
005 20260306171548.0
008 260306s9999||||xx |||||||||||||| ||und||
041 _aESP
082 _a658.3
_bB25
100 _aBarrow, Simon
_eAUT
245 0 _aEl cliente más exigente:
_btu equipo The Employer Brand: cómo comunicarle entusiasmo por la empresa
260 _c2007
300 _a193 páginas :
_c23 cm.
650 _aGEN
654 _aCAN
942 _cLIB
_dJUS
_fJUS
_2ddc
_n
999 _c17858
_d17858